00322nam a2200145Ia 4500008004100000020001500041041001200056082001100068100001300079245003600092250000800128260002500136300000800161650000700169221030s9999 xx 000 0 und d a8120327603 aEnglish a105.23 aK. Ogata 0aDiscrete - Time Control Systems a2nd bPHIaNew Delhic2007 a745 aEE